000 00427pab a2200169 454500
008 180718b2001 xxu||||| |||| 00| 0 eng d
100 _aKardigudda, Zeenat Kauser
245 _aSocio-economic-psychological problems of women in India
260 _c2001
300 _ap.291-300
362 _aJul-Dec
650 _aElderly - India
650 _aWomen - India
650 _aWomen
773 _aMan in India
909 _a51535
999 _c51535
_d51535